000 00529nam a22001697a 4500
999 _c9192
_d9192
008 210326b ||||| |||| 00| 0 eng d
040 _aBMS College of Architecture
100 _aBhargava, Anshul
245 _aNational institute of design at Bangalore Karnataka
300 _aNA
500 _a1BM03AT003
502 _8B.Arch
_NBMS College of Architecture, Visvesvaraya Technological University
_aProject report
_d2007
650 _aInstitute
700 _aK Manjula
_eGuide
700 _aSatish Rao
_eGuide
942 _2ddc
_cTHE